000 01307nam a22003377a 4500
003 CHAP
005 20220329143732.0
008 110506s2010 mx a r 00010 spa d
010 _a101132
011 _a102104
020 _a9786074955
035 _a112792
040 _cCHAP
082 0 4 _a972.02
_bC31
245 0 0 _aCódice de Jilotepec (Estado de México) :
_brescate de una historia
_c/por Rosa Brambila Paz ...[et al.]
260 _aToluca, Edo. de Méx. :
_bGobierno del Edo. de Méx. :
_bEl Colegio Mexiquense, A.C.,
_c2010
300 _a244 p. :
_bilus., cuadros
490 0 _aBiblioteca Mexiquense del Bicentenario.
_pColección Mayor.
_pEstado de México: patrimonio de un pueblo
590 _aBATCH-UPD
_b10
_c20130110
_lUCH01
_h1020
590 _aBATCH-UPD
_b10
_c20130410
_lUCH01
_h0626
590 _aBATCH-UPD
_b10
_c20130914
_lUCH01
_h0746
590 _aCONVERSION
_b10
_c20130109
_lUCH01
_h1356
650 1 4 _aCódices.
_927680
650 1 4 _aManuscritos.
_970726
650 1 4 _aMéxico (Edo.)
_xHistoria.
_976831
700 1 _aBrambila Paz, Rosa
_915006
830 0 _aBiblioteca Mexiquense del Bicentenario.
_pColección Mayor.
_pEstado de México: patrimonio de un pueblo
_912425
901 _aBK
942 _cLIBRO
949 _a972.02 C31
_bBC
_cLIBRO
_d33724002256248
_eLIBRO
_h114870
_i112792
_sb
999 _c101132
_d101132